000 00511nam a22001817a 4500
005 20240920132113.0
008 240918b |||||||| |||| 00| 0 eng d
020 _a978-93-87483-16-3
041 _aeng
082 _a612
100 _a SEEVALEN ,Dr. BABUJI AND PATAN Dr. PRAGNESH
_98581
245 _aHUMAN ANATOMY AND PHYSIOLOGY- II [B.PHARMA, 2ND SEMESTER]
250 _a1ST ED. 2018
260 _aLUCKNOW
_bTHAKUR PUBLICATION PVT.LTD
300 _a296;P
650 _aPHARMACY
_xB.PHARMA
942 _cBK
999 _c8649
_d8647